[Event "Test Tournament"]
[Site "SchemingMind.com"]
[Date "2014.01.29"]
[Round "-"]
[White "Phillip Beckett"]
[Black "spoke"]
[Result "0-1"]
[WhiteCountry "ENG"]
[BlackCountry "GER"]
[WhiteElo "1543"]
[WhiteRD "52"]
[BlackElo "1849"]
[BlackRD "71"]
[GameID "346697"]

1. f4 d5 2. e3 g6 3. Nf3 Bg7 4. d4 Nf6 5. Bd3 c5 6. c3 c4 7. Bc2 O-O 8. O-O Nc6 9. Ne5 e6 10. Nd2 Qc7
11. e4 Nxe5 12. fxe5 Nxe4 13. Nxe4 dxe4 14. Bxe4 Bd7 15. Bg5 Bc6 16. Bxc6 Qxc6 17. Qd2 b5 18. Bh6 Qe4 19. Bxg7 Kxg7 20. Rae1 Qb7
21. a3 a5 22. Qf4 b4 23. Qf6+ Kg8 24. axb4 axb4 25. Re3 bxc3 26. bxc3 Ra2 27. Rh3 Qxg2#
0-1

[Event "Test Tournament"]
[Site "SchemingMind.com"]
[Date "2014.01.29"]
[Round "-"]
[White "spoke"]
[Black "Phillip Beckett"]
[Result "1-0"]
[WhiteCountry "GER"]
[BlackCountry "ENG"]
[WhiteElo "1849"]
[WhiteRD "71"]
[BlackElo "1543"]
[BlackRD "52"]
[GameID "346698"]

1. f4 e5 2. e4 Qh4+ 3. g3 Qe7 4. fxe5 d6 5. Nc3 dxe5 6. d3 c6 7. Bg2 Nf6 8. Nf3 Bg4 9. O-O Nbd7 10. Bg5 h6
11. Bxf6 Nxf6 12. a3 O-O-O 13. Qe2 Bxf3 14. Qxf3 Qc5+ 15. Kh1 Bd6 16. Rf2 Rhf8 17. Rd1 Nh7 18. Rfd2 f6 19. Qf5+ Kb8 20. Qxh7 Rg8
21. Qf5 Bc7 22. Qf2 Qe7 23. d4 exd4 24. Rxd4 Rxd4 25. Qxd4 Rd8 26. Qe3 Be5 27. Rxd8+ Qxd8 28. Qd3 Qxd3 29. cxd3
1-0

[Event "Test Tournament"]
[Site "SchemingMind.com"]
[Date "2014.02.03"]
[Round "-"]
[White "kubinet"]
[Black "kenneth m day"]
[Result "0-1"]
[WhiteCountry "GER"]
[BlackCountry "USA"]
[WhiteElo "1642"]
[WhiteRD "58"]
[BlackElo "1756"]
[BlackRD "49"]
[GameID "346780"]

1. f4 e5 2. fxe5 d6 3. exd6 Bxd6 4. Nf3 Nf6 5. d4 O-O 6. Bg5 Re8 7. Nc3 Bg4 8. Qd2 Nbd7 9. O-O-O h6 10. Bh4 Nb6
11. h3 Bh5 12. g4 Bg6 13. Bg2 Qe7 14. Rde1 Nc4 15. Qd1 Bf4+ 16. Kb1 Ne3
0-1

[Event "Test Tournament"]
[Site "SchemingMind.com"]
[Date "2014.02.03"]
[Round "-"]
[White "kenneth m day"]
[Black "kubinet"]
[Result "1-0"]
[WhiteCountry "USA"]
[BlackCountry "GER"]
[WhiteElo "1756"]
[WhiteRD "49"]
[BlackElo "1642"]
[BlackRD "58"]
[GameID "346781"]

1. f4 d5 2. Nf3 g6 3. d4 Bg7 4. c3 Nf6 5. e3 O-O 6. Bd3 b6 7. Nbd2 c5 8. Ne5 Bb7 9. g4 Nfd7 10. Ndf3 f6
11. Nxd7 Qxd7 12. h3 Nc6 13. Bd2 e5 14. fxe5 fxe5 15. Nxe5 Nxe5 16. dxe5 Bxe5 17. Rg1 d4 18. exd4 cxd4 19. Qb3+ Kg7 20. O-O-O Rac8
21. Kb1 Bd5 22. Qc2 Rf2 23. Bh6+ Kxh6 24. Qxf2 dxc3 25. Qe3+ g5 26. Qxe5 Qc6 27. Rc1 Qe6 28. Qxe6+ Bxe6 29. Rxc3
1-0

[Event "Test Tournament"]
[Site "SchemingMind.com"]
[Date "2014.02.05"]
[Round "-"]
[White "raz9364"]
[Black "Clive Everill"]
[Result "1-0"]
[WhiteCountry "ENG"]
[BlackCountry "CZE"]
[WhiteElo "2435"]
[WhiteRD "140"]
[BlackElo "1689"]
[BlackRD "56"]
[GameID "347289"]

1. f4 d5 2. b3 Bg4 3. Bb2 e6 4. g3 Nf6 5. Bg2 Bc5 6. Nf3 Nbd7 7. e3 Qe7 8. O-O O-O-O 9. d4 Bb6 10. a4 a6
11. Ba3 Qe8 12. c4 dxc4 13. a5 Ba7 14. bxc4 h5 15. Qb3 Ne4 16. Nbd2 Ndf6 17. Rfb1 b6 18. axb6 cxb6 19. Bc1 a5 20. Rxa5 Qd7
21. Ra6 h4 22. Rxb6 Bxb6 23. Qxb6
1-0

[Event "Test Tournament"]
[Site "SchemingMind.com"]
[Date "2014.02.05"]
[Round "-"]
[White "Clive Everill"]
[Black "raz9364"]
[Result "0-1"]
[WhiteCountry "CZE"]
[BlackCountry "ENG"]
[WhiteElo "1689"]
[WhiteRD "56"]
[BlackElo "2435"]
[BlackRD "140"]
[GameID "347290"]

1. f4 e5 2. fxe5 d6 3. exd6 Bxd6 4. Nf3 g5 5. d4 g4 6. Ne5 Bxe5 7. dxe5 Qxd1+ 8. Kxd1 Nc6 9. Nc3 Be6 10. Bg5 Nxe5
11. Nb5 Kd7 12. Ke1 f6 13. Rd1+ Ke7 14. Bf4 c6 15. Nc7 Rf8 16. Nxe6 Kxe6 17. g3 Ne7 18. Bg2 h5 19. h4 Rd8 20. Kf2 Nd5
21. Bxd5+ Rxd5 22. Rxd5 cxd5 23. b3 Rc8 24. Rc1 d4 25. e3 Nd3+ 26. cxd3 Rxc1 27. exd4 Rc2+ 28. Ke3 Rxa2 29. Ke4 f5+ 30. Ke3 Rb2
31. Bb8 Rxb3 32. Bxa7 b5 33. Bc5 b4 34. Kd2 Rb2+ 35. Ke3 Kd5 36. Kf4 Rf2+ 37. Kg5 b3 38. Ba3 f4 39. gxf4 g3 40. Bc1 g2
0-1

[Event "Test Tournament"]
[Site "SchemingMind.com"]
[Date "2014.02.04"]
[Round "-"]
[White "A330"]
[Black "surfnsuds"]
[Result "1-0"]
[WhiteCountry "ENG"]
[BlackCountry "USA"]
[WhiteElo "2064"]
[WhiteRD "72"]
[BlackElo "1364"]
[BlackRD "76"]
[GameID "347291"]

1. f4 f5 2. e4 fxe4 3. d3 exd3 4. Bxd3 Nf6 5. Nf3 e6 6. Ng5 Nd5 7. Qh5+ g6 8. Bxg6+ Ke7 9. Nf7 Nf6 10. Qg5 Qe8
11. Nxh8 hxg6 12. Nxg6+ Kf7 13. Ne5+ Ke7 14. Nc3 d6 15. Ne4 Nd7 16. Nxd7 Bxd7 17. Qxf6#
1-0

[Event "Test Tournament"]
[Site "SchemingMind.com"]
[Date "2014.02.04"]
[Round "-"]
[White "surfnsuds"]
[Black "A330"]
[Result "0-1"]
[WhiteCountry "USA"]
[BlackCountry "ENG"]
[WhiteElo "1364"]
[WhiteRD "76"]
[BlackElo "2064"]
[BlackRD "72"]
[GameID "347292"]

1. f4 d5 2. e3 Nf6 3. Nf3 g6 4. d3 Bg7 5. e4 dxe4 6. Nfd2 Bg4 7. Be2 Bxe2 8. Qxe2 exd3 9. cxd3 Nd5 10. O-O Ne3
11. Qxe3 Bd4 12. Qxd4 Qxd4+ 13. Kh1 Qxd3 14. Rf3 Qf5 15. Nc3 Nc6 16. Nde4 O-O 17. Ng3 Qc2 18. Nge4 Rfd8 19. Be3 f5 20. Rc1 Qxb2
21. h3 fxe4 22. Rf2 Qb4 23. Bd2 Rd3 24. Nb1 Qb6 25. Re2 e3 26. Bc3 Rf8 27. g3 Nd4 28. Bxd4 Qxd4 29. Rce1 Rd1 30. Kg2 Qe4+
31. Kg1 Qxb1 32. Kf1 Qd3
0-1

[Event "Test Tournament"]
[Site "SchemingMind.com"]
[Date "2014.02.05"]
[Round "-"]
[White "Ulrich Klapp"]
[Black "eun77"]
[Result "1-0"]
[WhiteCountry "GER"]
[BlackCountry "ISR"]
[WhiteElo "1671"]
[WhiteRD "84"]
[BlackElo "1232"]
[BlackRD "74"]
[GameID "347321"]

1. f4 f5 2. b3 e6 3. Bb2 d5 4. c4 c6 5. Nc3 Nf6 6. cxd5 cxd5 7. Nb5 a6 8. Nd4 Be7 9. e3 O-O 10. Bd3 Ne4
11. Rc1 Nc6 12. Ngf3 Nxd4 13. Bxd4
1-0

[Event "Test Tournament"]
[Site "SchemingMind.com"]
[Date "2014.02.05"]
[Round "-"]
[White "eun77"]
[Black "Ulrich Klapp"]
[Result "0-1"]
[WhiteCountry "ISR"]
[BlackCountry "GER"]
[WhiteElo "1232"]
[WhiteRD "74"]
[BlackElo "1671"]
[BlackRD "84"]
[GameID "347322"]

1. f4 c5 2. e3 Nc6 3. Nf3 d5 4. h3 e6 5. Be2 Bd7 6. O-O Nf6 7. d3 Bd6 8. Nh2 Qe7 9. Bd2 O-O-O 10. Ng4 Rdg8
11. Nxf6 Qxf6
0-1

[Event "Test Tournament"]
[Site "SchemingMind.com"]
[Date "2014.02.05"]
[Round "-"]
[White "Paul7926"]
[Black "ray winteringham"]
[Result "0-1"]
[WhiteCountry "ENG"]
[BlackCountry "ENG"]
[WhiteElo "1338"]
[WhiteRD "82"]
[BlackElo "1447"]
[BlackRD "56"]
[GameID "347333"]

1. f4 Nf6 2. Nf3 Nc6 3. Nc3 e6 4. d4 g6 5. e4 Bb4 6. a3 Bxc3+ 7. bxc3 Nxe4 8. Qd3 f5 9. Bb2 b6 10. Ne5 Bb7
11. Be2 Qh4+ 12. g3 Qf6 13. Bf3 O-O 14. O-O-O Nf2 15. Qf1 Nxd1 16. Qxd1 Rad8 17. Qd3 Qe7 18. Re1 d5 19. c4 dxc4 20. Qxc4 Nxe5
21. Rxe5 Bxf3 22. Qxe6+ Qxe6 23. Rxe6 Rfe8
0-1

[Event "Test Tournament"]
[Site "SchemingMind.com"]
[Date "2014.02.05"]
[Round "-"]
[White "ray winteringham"]
[Black "Paul7926"]
[Result "1-0"]
[WhiteCountry "ENG"]
[BlackCountry "ENG"]
[WhiteElo "1447"]
[WhiteRD "56"]
[BlackElo "1338"]
[BlackRD "82"]
[GameID "347334"]

1. f4 f5 2. Nf3 Nf6 3. e3 d6 4. Bc4 e6 5. O-O d5 6. Bb3 Nc6 7. d3 Bd6 8. Nc3 d4 9. exd4 Ng4 10. h3 Nf6
11. Ne5 Bd7 12. Nxc6 bxc6 13. Qe2 O-O 14. Bxe6+ Bxe6 15. Qxe6+ Kh8 16. Qxf5 Nd5 17. Qg4 g5 18. fxg5 Rxf1+ 19. Kxf1 Qf8+ 20. Kg1 Re8
21. Ne4 Kg8 22. Bd2 Be7 23. Qe6+ Qf7 24. Qxc6 Nf4 25. Bxf4 Qxf4 26. Rf1 Qe3+ 27. Kh2 Qxd4 28. Qxe8+
1-0

[Event "Test Tournament"]
[Site "SchemingMind.com"]
[Date "2014.02.05"]
[Round "-"]
[White "Ilang"]
[Black "SAMAEL"]
[Result "1-0"]
[WhiteCountry "HUN"]
[BlackCountry "CAN"]
[WhiteElo "2343"]
[WhiteRD "77"]
[BlackElo "1737"]
[BlackRD "65"]
[GameID "347335"]

1. f4 Nf6 2. Nf3 e6 3. e3 Be7 4. b3 a6 5. Bb2 Nc6 6. c4 O-O 7. Be2 d5 8. O-O Bd7 9. Nc3 h6 10. Rc1 Rc8
11. cxd5 exd5 12. Na4 Rb8 13. Nc5 Na7 14. Nxd7 Qxd7 15. Ne5 Qd8 16. Bd3 c6 17. Qf3 Nd7 18. Nxd7 Qxd7 19. Qg3 g5 20. fxg5 hxg5
21. Rf6 Rfd8 22. Qxg5+ Kf8 23. Rxf7+
1-0

[Event "Test Tournament"]
[Site "SchemingMind.com"]
[Date "2014.02.06"]
[Round "-"]
[White "SAMAEL"]
[Black "Ilang"]
[Result "0-1"]
[WhiteCountry "CAN"]
[BlackCountry "HUN"]
[WhiteElo "1737"]
[WhiteRD "65"]
[BlackElo "2343"]
[BlackRD "77"]
[GameID "347336"]

1. f4 d5 2. e3 g6 3. Nf3 Bg7 4. c3 Nf6 5. Be2 O-O 6. O-O c5 7. d4 Qb6 8. dxc5 Qxc5 9. h3 Nc6 10. Nbd2 Qxe3+
11. Kh1 Qxf4 12. Nh2 Qc7 13. Ndf3 Ne4 14. Re1 Nf2+
0-1

[Event "Test Tournament"]
[Site "SchemingMind.com"]
[Date "2014.02.05"]
[Round "-"]
[White "Sully7"]
[Black "Austin Lockwood"]
[Result "1-0"]
[WhiteCountry "IRL"]
[BlackCountry "ENG"]
[WhiteElo "2044"]
[WhiteRD "64"]
[BlackElo "1660"]
[BlackRD "115"]
[GameID "347368"]

1. f4 d5 2. e3 Nf6 3. b3 e6 4. Bb2 Bc5 5. Nf3 O-O 6. Bd3 Nc6 7. Nc3 b6 8. O-O Na5 9. Ne2 Bb7 10. Ng3 Qd6
11. Bxf6 gxf6 12. Bxh7+ Kxh7 13. Ng5+ Kg7 14. Nh5+
1-0

[Event "Test Tournament"]
[Site "SchemingMind.com"]
[Date "2014.02.05"]
[Round "-"]
[White "Austin Lockwood"]
[Black "Sully7"]
[Result "0-1"]
[WhiteCountry "ENG"]
[BlackCountry "IRL"]
[WhiteElo "1660"]
[WhiteRD "115"]
[BlackElo "2044"]
[BlackRD "64"]
[GameID "347369"]

1. f4 d5 2. Nf3 g6 3. e3 Bg7 4. Nc3 c5 5. Bb5+ Nc6 6. O-O Nf6 7. b3 O-O 8. Bxc6 bxc6 9. d4 cxd4 10. exd4 Ba6
11. Re1 Re8 12. Ne5 Qa5 13. Bd2 Qb4 14. Nxc6 Qd6 15. Ne5 Qb6 16. Be3 Rac8 17. Na4 Qb4 18. Nc5 Bb7 19. Bd2 Qxd4+ 20. Be3 Qxd1
21. Raxd1 Ba8 22. c4 dxc4 23. bxc4 Red8 24. Rxd8+ Rxd8 25. g4 Ne4 26. Nxe4 Bxe4 27. Bxa7 f5 28. gxf5 gxf5 29. Bc5 Bxe5 30. fxe5 Kf7
31. h4 Rc8 32. Be3 Rxc4 33. Rc1 Ra4 34. Rc2= Bxc2
0-1

[Event "Test Tournament"]
[Site "SchemingMind.com"]
[Date "2014.02.09"]
[Round "-"]
[White "bobbassbone"]
[Black "poisonpawn1"]
[Result "1-0"]
[WhiteCountry "ENG"]
[BlackCountry "ENG"]
[WhiteElo "1654"]
[WhiteRD "64"]
[BlackElo "1601"]
[BlackRD "78"]
[GameID "347605"]

1. f4 g6 2. d4 d5 3. Nf3 Nc6 4. e3 Bg7 5. c3 Nf6 6. Bb5 O-O 7. Nbd2 Qd6 8. Bxc6 bxc6 9. O-O c5 10. Qe1 Ba6
11. Rf2
1-0

[Event "Test Tournament"]
[Site "SchemingMind.com"]
[Date "2014.02.09"]
[Round "-"]
[White "poisonpawn1"]
[Black "bobbassbone"]
[Result "0-1"]
[WhiteCountry "ENG"]
[BlackCountry "ENG"]
[WhiteElo "1601"]
[WhiteRD "78"]
[BlackElo "1654"]
[BlackRD "64"]
[GameID "347606"]

1. f4 d5 2. e3 Nf6 3. Nf3 Bg4 4. Be2 e6 5. Nc3 Nbd7 6. b3 Bb4 7. Bb2 O-O 8. O-O c5 9. a3 Bxc3 10. Bxc3 Qc7
11. Bb2 Nb6
0-1

[Event "Test Tournament"]
[Site "SchemingMind.com"]
[Date "2014.02.11"]
[Round "-"]
[White "Chess_Romanticist"]
[Black "ampp"]
[Result "1-0"]
[WhiteCountry "SWE"]
[BlackCountry "POR"]
[WhiteElo "1648"]
[WhiteRD "223"]
[BlackElo "1329"]
[BlackRD "75"]
[GameID "347658"]

1. f4 d5 2. Nf3 Nc6 3. c3 Bf5 4. d3 Nf6 5. h3 Qd7 6. g4 Be6 7. f5 Bxf5 8. gxf5 Qxf5 9. h4 e5 10. Bh3 Ng4
11. Rf1 Qh5 12. Qb3 Rb8 13. Qxd5 Rd8 14. Bxg4 Rxd5 15. Bxh5 e4 16. Ng5 g6 17. dxe4 Rd8 18. Nxf7
1-0

[Event "Test Tournament"]
[Site "SchemingMind.com"]
[Date "2014.02.10"]
[Round "-"]
[White "ampp"]
[Black "Chess_Romanticist"]
[Result "0-1"]
[WhiteCountry "POR"]
[BlackCountry "SWE"]
[WhiteElo "1329"]
[WhiteRD "75"]
[BlackElo "1648"]
[BlackRD "223"]
[GameID "347659"]

1. f4 d5 2. Nf3 e6 3. e3 Nf6 4. Bb5+ Bd7 5. Bxd7+ Nbxd7 6. Nc3 c6 7. O-O Bd6 8. Re1 O-O 9. Kh1 Ng4 10. Qe2 e5
11. fxe5 Ngxe5 12. Nxe5 Nxe5 13. d4 Nc4 14. b3 Bb4 15. Qd3 Qa5 16. a3 Bxc3 17. b4 Bxb4
0-1

[Event "Test Tournament"]
[Site "SchemingMind.com"]
[Date "2014.02.19"]
[Round "-"]
[White "A330"]
[Black "raz9364"]
[Result "1/2-1/2"]
[WhiteCountry "ENG"]
[BlackCountry "ENG"]
[WhiteElo "2121"]
[WhiteRD "71"]
[BlackElo "2415"]
[BlackRD "134"]
[GameID "348193"]

1. f4 d5 2. b3 c5 3. e3 Nf6 4. Nf3 a6 5. Bb2 Nc6 6. Be2 e6 7. O-O Bd6 8. Ne5 Qc7 9. Nxc6 Qxc6 10. Qe1 Be7
11. a4 b6 12. Qg3 O-O 13. d3 Rd8 14. Nd2 Bb7 15. Bf3 b5 16. Be5 Rac8 17. Kh1 Qd7 18. h3 Ne8 19. axb5 axb5 20. Rfd1 f6
21. Bb2 Nd6 22. c4 Ra8 23. cxd5 exd5 24. Qf2 Qe6 25. Bg4 Qf7 26. Rdc1 Rxa1 27. Rxa1 b4 28. Bf3 Nb5 29. e4 Bf8 30. Kh2 Nc3
31. Rc1 Ba6 32. Bxc3 bxc3 33. Rxc3 d4 34. Rc1 Bxd3 35. Qg3 Qe6 36. Bg4 Qa6 37. Be6+ Qxe6 38. Qxd3 Bd6 39. g3 Ra8 40. Nc4 Be7
41. Qe2 Qc6 42. e5 Ra7 43. Nd6 Bxd6 44. exd6 Kf8 45. Re1 g6 46. Ra1 Rxa1 47. Qe7+ Kg8 48. Qe6+ Kg7 49. Qe7+ Kg8=
1/2-1/2

[Event "Test Tournament"]
[Site "SchemingMind.com"]
[Date "2014.02.19"]
[Round "-"]
[White "raz9364"]
[Black "A330"]
[Result "1-0"]
[WhiteCountry "ENG"]
[BlackCountry "ENG"]
[WhiteElo "2415"]
[WhiteRD "134"]
[BlackElo "2121"]
[BlackRD "71"]
[GameID "348194"]

1. f4 e5 2. fxe5 d6 3. exd6 Bxd6 4. Nf3 g5 5. g3 g4 6. Nh4 Ne7 7. d4 Ng6 8. Nxg6 hxg6 9. Qd3 Nc6 10. c3 Bf5
11. e4 Qe7 12. Bg2 O-O-O 13. Be3 Bd7 14. Bg1 f5 15. Nd2 Qf7 16. Qc4 Qe8 17. O-O-O Kb8 18. e5 Na5 19. Qd3 Bf8 20. Be3 Bc6
21. d5 b6 22. c4 Bg7 23. Bd4 Bb7 24. e6 Bxd4 25. Qxd4 Nc6 26. Qc3 Ne7 27. Nb3 Qa4 28. Kb1 Rh7 29. Nd4 a6 30. b3 Qa3
31. h3 gxh3 32. Rxh3 Rxh3 33. Bxh3 Qd6 34. Bg2 Re8 35. a4 f4 36. gxf4 Qxf4 37. Qf3 Qd6 38. Qf6 Rc8 39. Kb2 g5 40. Nf3 Rg8
41. Ne5 Ka7 42. Nf7 Qh2 43. Rd2 Nc8 44. Nh6 Re8 45. Qxg5 Qd6 46. Ng4 Rd8 47. Rf2 a5 48. Rf7 Rf8 49. Qg7 Qg3 50. Rxf8 Qxg2+
51. Rf2 Qe4 52. Rc2 Qf5 53. c5 Qxd5 54. Qxc7 Qc6 55. cxb6+ Qxb6 56. Ne5 Qxc7 57. Rxc7 Nd6 58. Nc4 Ne8 59. Re7 Nf6 60. Nxa5
1-0

[Event "Test Tournament"]
[Site "SchemingMind.com"]
[Date "2014.02.21"]
[Round "-"]
[White "Ilang"]
[Black "Chess_Romanticist"]
[Result "1-0"]
[WhiteCountry "HUN"]
[BlackCountry "SWE"]
[WhiteElo "2348"]
[WhiteRD "79"]
[BlackElo "1985"]
[BlackRD "120"]
[GameID "348338"]

1. f4 d5 2. b3 Bf5 3. Bb2 e6 4. e3 Nd7 5. Nf3 Ngf6 6. Nc3 c6 7. Be2 h6 8. O-O Bb4 9. Bd3 Bxd3 10. cxd3 Bd6
11. d4 g5 12. Qe2 gxf4 13. exf4 Nh5 14. f5 Nf4 15. Qe3 Rg8 16. g3 Nf6 17. Ne5 Bxe5 18. Qxe5 Nd3 19. Qe3 Nxb2 20. fxe6 Rg6
21. Rab1 Qd6 22. exf7+ Kxf7 23. Rxb2 Re8 24. Qf3 Kg7 25. d3 Rf8 26. Ne2 Kg8 27. Nf4 Rg5 28. Qd1 Ng4 29. Nh3 Rg7 30. Re2 Rxf1+
31. Qxf1 Qf6 32. Qxf6 Nxf6 33. Kg2 Kf7 34. Nf4 Rg8 35. Kf3 Nd7 36. g4 Nf6 37. h3 Nh7 38. Re5 Nf6 39. b4 a6 40. a4 Ra8
41. h4 Rg8 42. g5 hxg5 43. hxg5 Ne8 44. Rf5+ Ke7 45. Kg4 Nd6 46. Re5+ Kd8 47. g6 b5 48. a5 Kd7 49. Rh5 Rg7 50. Rh7
1-0

[Event "Test Tournament"]
[Site "SchemingMind.com"]
[Date "2014.02.21"]
[Round "-"]
[White "Chess_Romanticist"]
[Black "Ilang"]
[Result "0-1"]
[WhiteCountry "SWE"]
[BlackCountry "HUN"]
[WhiteElo "1985"]
[WhiteRD "120"]
[BlackElo "2348"]
[BlackRD "79"]
[GameID "348339"]

1. f4 d5 2. Nf3 Nf6 3. c4 Nc6 4. e3 d4 5. Qa4 dxe3 6. dxe3 Nd7 7. Nd4 e5 8. Nxc6 bxc6 9. Nc3 Rb8 10. Be2 exf4
11. O-O fxe3 12. Bxe3 Bd6 13. Ne4 O-O 14. Nxd6 cxd6 15. Rab1 c5 16. Bf4 Ne5 17. Qxa7 Be6 18. Qa3 Nxc4 19. Bxc4 Bxc4 20. Rfd1 Ra8
21. Qg3 Bxa2 22. Rbc1 d5 23. Rxc5 Ra6 24. Rc7 Re8 25. h3 Rg6 26. Qf2 h6 27. Bg3 Re7 28. Rxe7 Qxe7 29. Ra1 Bc4 30. Ra7 Qe6
31. Kh2 Rf6 32. Qc5 Rf1 33. Re7 Qg6 34. Qc8+ Kh7 35. Re8 Qf6 36. Rh8+ Kg6 37. Qg4+ Qg5 38. Qd4 h5 39. Qb6+ Qf6 40. Qxf6+ Rxf6
41. Rd8 Re6 42. b4 Re2 43. Kg1 Rb2 44. Bd6 Bd3 45. Bc5 Be4 46. g4 hxg4 47. hxg4 Rg2+ 48. Kf1 Rxg4 49. Ke2 Rg2+ 50. Bf2 Kf6
51. Ke1 Ke7 52. Ra8 d4 53. Ra7+ Ke6 54. Bxd4 g5 55. Ra6+ Kd5 56. Bf6 g4 57. Ra7 Ke6 58. Ra6+ Kf5 59. Bg7 Bd5 60. Rf6+ Ke4
61. Rf2 Rg1+ 62. Kd2 g3 63. Re2+ Kf3 64. Re3+ Kg4 65. Re5 Bf3
0-1

[Event "Test Tournament"]
[Site "SchemingMind.com"]
[Date "2014.02.21"]
[Round "-"]
[White "spoke"]
[Black "bobbassbone"]
[Result "1-0"]
[WhiteCountry "GER"]
[BlackCountry "ENG"]
[WhiteElo "1843"]
[WhiteRD "75"]
[BlackElo "1623"]
[BlackRD "63"]
[GameID "348340"]

1. f4 d5 2. e3 Nf6 3. Nf3 Bg4 4. h3 Bxf3 5. Qxf3 e6 6. b3 Nbd7 7. Bb2 Bc5 8. Nc3 c6 9. Na4 Bb6 10. Nxb6 Nxb6
11. g4 h6 12. h4 Qe7 13. O-O-O O-O-O 14. g5 hxg5 15. fxg5 Nh5 16. Bh3 Qd6 17. Qxf7 Rdf8 18. Qxe6+ Qxe6 19. Bxe6+ Kd8 20. Bg4 Rf7
21. Rdf1 Rxf1+ 22. Rxf1 Ke8 23. Bxh5+ Rxh5 24. Bxg7 Rxh4 25. Rf8+ Ke7 26. Rb8
1-0

[Event "Test Tournament"]
[Site "SchemingMind.com"]
[Date "2014.02.21"]
[Round "-"]
[White "bobbassbone"]
[Black "spoke"]
[Result "0-1"]
[WhiteCountry "ENG"]
[BlackCountry "GER"]
[WhiteElo "1623"]
[WhiteRD "63"]
[BlackElo "1843"]
[BlackRD "75"]
[GameID "348341"]

1. f4 d5 2. Nf3 Nc6 3. e3 Nf6 4. Bb5 a6 5. Bxc6+ bxc6 6. b3 Bg4 7. h3 Bxf3 8. Qxf3 e6 9. Bb2 Be7 10. d3 c5
11. Nd2 a5 12. O-O O-O 13. e4 dxe4 14. Qe3 exd3 15. Qxd3 Qxd3 16. cxd3 Rfd8 17. Rac1 Rxd3 18. Nc4 a4 19. Ne5 Rd2 20. Rf2 Rxf2
21. Kxf2 axb3 22. axb3 Ra2 23. Rb1 Nd5 24. Kf3 Bf6 25. Bc1 Bxe5 26. fxe5 Nb4 27. Be3 Nd3 28. g3 Nxe5+ 29. Ke4 Re2 30. Rd1 f5+
31. Kxe5 Rxe3+
0-1

[Event "Test Tournament"]
[Site "SchemingMind.com"]
[Date "2014.02.23"]
[Round "-"]
[White "Michal Drus"]
[Black "Till Plewe"]
[Result "0-1"]
[WhiteCountry "POL"]
[BlackCountry "JPN"]
[WhiteElo "1578"]
[WhiteRD "73"]
[BlackElo "2358"]
[BlackRD "69"]
[GameID "348479"]

1. f4 d5 2. e3 Nf6 3. b3 g6 4. Bb2 Bg7 5. d3 O-O 6. Nd2 c5 7. Qe2 Nc6 8. O-O-O b5 9. g3 a5 10. Bg2 a4
11. Kb1 Qa5 12. e4 axb3 13. cxb3 Qxa2+ 14. Kc2 Nd4+
0-1

[Event "Test Tournament"]
[Site "SchemingMind.com"]
[Date "2014.02.23"]
[Round "-"]
[White "Till Plewe"]
[Black "Michal Drus"]
[Result "1-0"]
[WhiteCountry "JPN"]
[BlackCountry "POL"]
[WhiteElo "2358"]
[WhiteRD "69"]
[BlackElo "1578"]
[BlackRD "73"]
[GameID "348480"]

1. f4 e5 2. e4 exf4 3. Nf3 g5 4. Nc3 Nc6 5. g3 Bd6 6. d4 fxg3 7. Bxg5 f6 8. Ne5 Bxe5 9. Qh5+ Kf8 10. Bh6+ Nxh6
11. Qxh6+ Kf7 12. Bc4+ Ke8 13. Qh5+
1-0

[Event "Test Tournament"]
[Site "SchemingMind.com"]
[Date "2014.02.23"]
[Round "-"]
[White "elmar"]
[Black "Teagy"]
[Result "0-1"]
[WhiteCountry "AZE"]
[BlackCountry "ENG"]
[WhiteElo "2046"]
[WhiteRD "69"]
[BlackElo "1827"]
[BlackRD "78"]
[GameID "348505"]

1. f4 e5 2. e4 Bc5 3. Nf3 d6 4. Bc4 Nf6 5. Nc3 c6 6. d3 b5 7. Bb3 Nbd7 8. fxe5 dxe5 9. Qd2 a5 10. a4 Qb6
11. axb5 cxb5 12. Nd5 Nxd5 13. Bxd5 Ra6 14. Rf1 f6 15. Nh4 Nf8 16. Qe2 Be6 17. Bxe6 Nxe6 18. Qh5+ Kd7 19. Bd2 Raa8 20. Qg4 Rhf8
21. Nf5 Rf7 22. Qh3 h6 23. b4 Bf8 24. bxa5 Qc5 25. Ra2 b4 26. Be3 Qc7 27. Kf2 Rxa5 28. Rfa1 Ra3 29. Qg4 Bc5 30. Kf1 Qa7
31. Rxa3 bxa3 32. Bxc5 Qxc5 33. Qd1 Kc6 34. c3 Ra7 35. d4 Qc4+ 36. Kg1 exd4 37. cxd4 Kd7 38. d5 Ng5 39. Rc1 Qxe4 40. Qf1 Ra5
41. Kh1 Rxd5 42. Nxg7 Qd3 43. Qe1 Ne4 44. h3 Qd2 45. Qg1 Qf2 46. Qxf2 Nxf2+ 47. Kh2 a2 48. Ra1 Rd2 49. Nf5 Nd1 50. Kg3 Nc3
51. Ne3 Rb2 52. Kf3 Rb1 53. Nc2 Rxa1 54. Nxa1 Ke6 55. Ke3 Nd5+ 56. Ke4 f5+ 57. Kd4 Nf4 58. g4 Nxh3 59. gxf5+ Kxf5 60. Kc3 h5
61. Nc2 Ke4 62. Kb2 Ng1
0-1

[Event "Test Tournament"]
[Site "SchemingMind.com"]
[Date "2014.02.23"]
[Round "-"]
[White "Teagy"]
[Black "elmar"]
[Result "0-1"]
[WhiteCountry "ENG"]
[BlackCountry "AZE"]
[WhiteElo "1798"]
[WhiteRD "79"]
[BlackElo "2043"]
[BlackRD "70"]
[GameID "348506"]

1. f4 d5 2. Nf3 Nc6 3. g3 Bf5 4. Bg2 e6 5. O-O Nf6 6. d3 Qd6 7. Qe1 Qc5+ 8. Kh1 Qxc2 9. Ng5 Bb4 10. Nd2 O-O
11. e4 Bg6 12. e5 Nd7 13. a3 Ba5 14. b4 Bb6 15. f5 Bxf5 16. Rxf5 exf5 17. e6 Nde5 18. b5 Nxd3 19. exf7+ Kh8
0-1

[Event "Test Tournament"]
[Site "SchemingMind.com"]
[Date "2014.02.26"]
[Round "-"]
[White "Munny"]
[Black "sibelius"]
[Result "1-0"]
[WhiteCountry "GER"]
[BlackCountry "USA"]
[WhiteElo "2338"]
[WhiteRD "83"]
[BlackElo "2254"]
[BlackRD "80"]
[GameID "348521"]

1. f4 g6 2. Nf3 d5 3. g3 Bg7 4. Bg2 Nf6 5. O-O O-O 6. d3 b5 7. Nbd2 c6 8. Nb3 Qb6+ 9. Kh1 Nbd7 10. Bd2 Re8
11. Ba5 Qb8 12. Qd2 e5 13. fxe5 Nxe5 14. Nxe5 Rxe5 15. Qf4
1-0

[Event "Test Tournament"]
[Site "SchemingMind.com"]
[Date "2014.02.25"]
[Round "-"]
[White "sibelius"]
[Black "Munny"]
[Result "0-1"]
[WhiteCountry "USA"]
[BlackCountry "GER"]
[WhiteElo "2254"]
[WhiteRD "80"]
[BlackElo "2338"]
[BlackRD "83"]
[GameID "348522"]

1. f4 e5 2. fxe5 d6 3. exd6 Bxd6 4. Nf3 g5 5. d4 g4 6. Ne5 Bxe5 7. dxe5 Qxd1+ 8. Kxd1 Nc6 9. e4 Be6 10. Be3 O-O-O+
11. Nd2 Nxe5 12. b3 Ne7 13. Kc1 N7c6 14. Kb2 Rd7 15. Re1 Rhd8
0-1

[Event "Test Tournament"]
[Site "SchemingMind.com"]
[Date "2014.02.24"]
[Round "-"]
[White "Sully7"]
[Black "ray winteringham"]
[Result "1-0"]
[WhiteCountry "IRL"]
[BlackCountry "ENG"]
[WhiteElo "2084"]
[WhiteRD "64"]
[BlackElo "1458"]
[BlackRD "54"]
[GameID "348540"]

1. f4 g5 2. Nc3 Bg7 3. d4 d5 4. e4 dxe4 5. fxg5 Bf5 6. Be3 Bg6 7. Nge2 e6 8. h4 Bh5 9. Nxe4 Ne7 10. Qd2 O-O
11. Nf6+ Kh8 12. Nxh5 Ng6 13. Nxg7 Kxg7 14. h5 Ne7 15. Nc3 Nf5 16. O-O-O Qd6 17. h6+ Kh8 18. Bf4 Qe7 19. Be5+ Kg8 20. Ne4 Nd7
21. Nf6+ Nxf6 22. gxf6 Qd7 23. Qg5+ Kh8 24. Qg7+ Nxg7 25. hxg7+ Kg8 26. Bd3
1-0